000 00421nam a2200181Ia 4500
001 20859
005 20260306172836.0
008 260306t2006||||xx |||||||||||||| ||spa||
041 _aESP
082 _a343.8
_bI59
100 _aInstituto Pacífico S.A.C.
_eAUT
245 0 _aManual tributario
260 _c2006
300 _a478 páginas :
_c24 cm.
650 _aGEN
654 _aCCO
942 _cLIB
_dJUS
_fJUS
_2ddc
_n
999 _c20859
_d20859